00999nam a2200265Ia 4500003000400000005001700004008004100021020001800062040001800080041000800098082002100106100002500127245012700152250001600279260003900295300002100334650003200355650002600387650004900413650003100462700002800493942003000521999001900551952016300570OSt20220113184221.0210716s2006 xx 000 0 und d a9780761935025 cAIMIT LIBRARY aeng a001.42 21bGAUA aGaur, Ajai S.913122 aStatistical Methods for Practice and Research: bGuide to Data Analysis Using SPSS /cby Ajai S. Gaur and Sanjaya S. Gaur. a1st. ed . - aNew Delhi:bResponse Books,c2006. a169p. ; 23.9 cm. aStatistical Methods.913123 aData Analysis.913124 aData Reduction and Scale Reliability.913125 aHypothesis Testing.913126 aGaur, Sanjaya S.913127 2ddccBKe1stk001.42 GAUA c201656d201656 00102ddc40708MBAaAIMITbAIMITd2006-11-20g295.00iBill no:329; Bill dt:2006-11-13l0o001.42 GAUApMBA04222r2025-07-21 00:00:00v295.00w2021-07-16yBK